| 000 | 004480000a22001810004500 | ||
|---|---|---|---|
| 003 | MACL | ||
| 005 | 20151025131730.0 | ||
| 008 | 151025b xxu||||| |||| 00| 0 eng d | ||
| 040 |
_aMACL _cMACL |
||
| 041 | _aEnglish | ||
| 082 | _a954 | ||
| 100 |
_aRajmohan, Gandhi _914295 |
||
| 245 |
_aEight Lives _bA Study of the Hindu Muslim encounter |
||
| 260 |
_bRoli _c1986 _aNew Delhi |
||
| 350 | _a125 | ||
| 650 |
_aHistory _916710 |
||
| 942 |
_cBK _k954 _2ddc |
||
| 999 |
_c6170 _d6170 |
||